English for Academic Purposes now! Teacher´book

Enregistré dans:
Détails bibliographiques
Auteur principal: Cox, Kathy
Autres auteurs: Hill, David
Format: Livre
Langue:anglais
Publié: Frenchs Forest Pearson 2004
Sujets:
Accès en ligne:Voir à l'OPAC
Tags: Ajouter un tag
Pas de tags, Soyez le premier à ajouter un tag!

MARC

LEADER 00000nam a2200000 a 4500
005 20260127134225.0
008 070918 2001 at 000 0 eng d
020 |a 1740910745 
035 |a vtls009141189 
039 9 |y 200709180859  |z mschk03 
040 |a STUSCHK1  |b slo  |c STUSCHK1  |e AACR2 
080 |a 802.0 
100 1 |a Cox, Kathy 
245 1 |a English for Academic Purposes now!  |b Teacher´book  |c Kathy Cox, David Hill 
260 |a Frenchs Forest  |b Pearson  |c 2004 
300 |a 256 p.  |b ill.  |c 29,5 cm 
650 0 7 |a English language  |x Foreign speakers  |x Problems, exercises 
700 1 |a Hill, David 
910 |a SCHK95 
919 |a 1-74091-074-5 
999 |c 7113  |d 7113